| 000 | 00683nam a2200241 a 4500 | ||
|---|---|---|---|
| 001 | nice12345678 | ||
| 003 | IN_TiNIC | ||
| 005 | 20260116013135.0 | ||
| 008 | 050524s1993 newa grp 000 0 eng | ||
| 020 |
_a0824564 _c7.3 |
||
| 082 | 0 | 0 |
_a291.172 _bMCI |
| 100 | _aMcinnes, Val Ambrose | ||
| 245 |
_aNew Visions _b Hostorical and Theological Perspectives on the Jewish-Christia |
||
| 260 |
_aNew York _bCross Road Publishing Co. _c1993 |
||
| 300 | _a165p. | ||
| 500 | _aincludes index and biblioraphy | ||
| 505 | 2 | _aIndex, Notes | |
| 650 | _aInterfaith Dialogue-Christian Jews | ||
| 700 | 1 | _aMcinnes, Val Ambrose | |
| 902 | _bSRS | ||
| 942 | _cBK | ||
| 999 |
_c9828 _d9828 |
||